Statistics for Top 10 Countries by Electric Car Market Share

Click here to take the quiz!

General Stats

  • This quiz has been taken 78 times
  • The average score is 7 of 10

Answer Stats

Rank Market Share Country % Correct
129,1%Norway
92%
43.5%Sweden
90%
26.4%Netherlands
82%
91.37%United Kingdom
80%
61.8%Belgium
77%
81.4%France
73%
51.8%Switzerland
68%
71.6%Austria
67%
101.31%China
58%
34.6%Iceland
55%

Score Distribution

Percentile by Number Answered

Percent of People with Each Score

Your Score History

You have not taken this quiz